00476 2200169 4500001002100000008004100021035002000062245007800082100001500160260003200175300002900207020002200236084001400258082000800272650001000280990001600290INLIS000000000000003 ind  a0010-0724000003 a13 Kisah Horor DuniabDan Kisah - kisah Super Mencekam lainnyacTenas Asa aAsa, Tenas aYogyakarta :bAraska,c2017 a224 hlm.c13 x 19, 5 cm. a978-602-300-364-8 a813 TEN t a813 aFiksi aP29/CP/24/3